000170901 001__ 170901
000170901 005__ 20260429150232.0
000170901 037__ $$aTAZ-TFG-2025-302
000170901 041__ $$aspa
000170901 1001_ $$aMoreno Marcos, Marta
000170901 24200 $$aPatrimonial Responsibility in Public Administrations from the Local Level
000170901 24500 $$aResponsabilidad Patrimonial en las Administraciones Públicas desde el Ámbito Local
000170901 260__ $$aZaragoza$$bUniversidad de Zaragoza$$c2025
000170901 506__ $$aby-nc-sa$$bCreative Commons$$c3.0$$uhttp://creativecommons.org/licenses/by-nc-sa/3.0/
000170901 520__ $$aEl trabajo trata sobre la responsabilidad patrimonial que tienen las administraciones públicas. Concepto, historia y regulación del término Responsabilidad Patrimonial. Elementos subjetivos y objetivos de dicho termino. Se centra en el ámbito local, y mas concreto en dos situaciones cotidianas como pueden ser las caídas en la calle y la responsabilidad que tienen las administraciones en la celebración de la fiestas populares, comunes en casi todos los municipios. Ofrece casos reales vividos en primer persona, durante mis prácticas en un Ayuntamiento, sentencias descriptivas de la responsabilidad patrimonial con diferentes supuestos, que explican los elementos que debe tener dicha responsabilidad. <brFinalmente un apartado con las conclusiones personales. <br />
000170901 521__ $$aGraduado en Derecho
000170901 540__ $$aDerechos regulados por licencia Creative Commons
000170901 691__ $$a0
000170901 692__ $$a
000170901 700__ $$aGimeno Feliú, José María$$edir.
000170901 7102_ $$aUniversidad de Zaragoza$$bDerecho Público$$cDerecho Administrativo
000170901 8560_ $$f828172@unizar.es
000170901 8564_ $$s411534$$uhttps://zaguan.unizar.es/record/170901/files/TAZ-TFG-2025-302.pdf$$yMemoria (spa)
000170901 909CO $$ooai:zaguan.unizar.es:170901$$pdriver$$ptrabajos-fin-grado
000170901 950__ $$a
000170901 951__ $$adeposita:2026-04-29
000170901 980__ $$aTAZ$$bTFG$$cDER
000170901 999__ $$a20250213150342.CREATION_DATE